| 000 | 00661nam a22001937a 4500 | ||
|---|---|---|---|
| 005 | 20180118153927.0 | ||
| 010 | _aENG-122116 | ||
| 020 |
_a9789352606016 _c250.00 |
||
| 035 | _aEN-105648 | ||
| 037 | _bDBAD/PUB | ||
| 082 | _a531 | ||
| 100 | _aBahety,Sanjay K. | ||
| 245 |
_aWaves and Thermodynamics : _cSanjay K. Bahety _bfor JEE (Main $ Advanced) / |
||
| 260 |
_aChennai _bMc Graw Hill Education (India) Private Limited _c2017 |
||
| 270 |
_a444/1,Sri Ekambara Naicker Industrial Estate,Alapakkam,Porur,Tamil Nadu,India. _bChennai _e600116 |
||
| 300 |
_aVarious Pages. _c23cm(pbk) |
||
| 700 | _aBiswas,Aman | ||
| 942 |
_2ddc _cEN _h531 _mBAH |
||
| 999 |
_c149308 _d149308 |
||